00483pam a2200145 a 4500020000500000041000500005100001600010245011100026260004600137300000900183700002100192930000900213999001700222952009800239 c h aPawar, S M. aDevelopment and validation of analytical methods for CNS and CVS drugs including stability studieshTheses aPunebBharati Vidyapeeth Universityc2013 a234. aDhaneshwar, S R. a1189 c74486d74486 00104070aPCPbPCPd2015-01-28e l0o pPCP-PH-110r2023-02-24 00:00:00t1w2023-02-24yBK